Manual práctico de compliance

Saved in:
Bibliografiske detaljer
Hovedforfatter: Giménez Zuriaga, Isabel (Author)
Format: Bog
Sprog:spansk
Udgivet: Pamplona, España Civitas Thomson Reuters- Fundación de Estudios Bursátiles y Financieros 2017
Udgivelse:1a. ed
Serier:Time. Tratados y Manuales de Economía
Fag:
Tags: Tilføj Tag
Ingen Tags, Vær først til at tagge denne postø!

MARC

LEADER 00000cam a2200000 a 4500
001 UCC3588
003 CL-VaPUC
005 20231206094235.0
008 180527e20170000sp |||||||||||||||||spa|d
999 |c 371282  |d 371280 
020 |a 9788491529484 
040 |c Pontificia Universidad Católica de Valparaíso 
082 0 4 |a 343.08 GIM 2018  |2 21 
100 0 |a Giménez Zuriaga, Isabel  |e author  |9 597637 
245 1 0 |a Manual práctico de compliance 
250 |a 1a. ed 
260 |a Pamplona, España   |b Civitas Thomson Reuters-  |b Fundación de Estudios Bursátiles y Financieros  |c 2017 
300 |a 346 páginas  
490 0 |a Time. Tratados y Manuales de Economía 
583 |a last modification  |c 20180527 18:33:00  |k Rodrigo Vera 
650 0 |a Delitos económicos   |9 255899 
650 7 |a BLANQUEO DE CAPITALES  |2 CL-VaPUC  |9 597638 
852 |a BIBCUR 
942 |c BK  |2 ddc 
945 |d 20180527 18:33:00  |a arojas 
952 |0 0  |1 0  |3 erb  |4 0  |6 343_080000000000000_GIM_2017_2017  |7 0  |8 A  |9 488233  |a BIBDER  |b BIBDER  |i 5472326  |l 7  |o 343.08 GIM 2017 2017  |p 5472326  |r 2023-01-25  |s 2022-11-18  |w 2019-11-24  |y BK  |z Catalogado en:20180527  |k DER